[Event "chess.com SpeedChess Q1Sw"]
[Site "chess.com INT"]
[Date "2022.11.10"]
[Round "14"]
[White "Pakleza, Zbigniew"]
[Black "Predke, Alexandr"]
[Result "1-0"]
[WhiteTitle "GM"]
[BlackTitle "GM"]
[WhiteElo "2496"]
[BlackElo "2684"]
[WhiteFideId "1119290"]
[BlackFideId "24107581"]
[EventDate "2022.11.10"]

1. d4 d5 2. Bf4 Bf5 3. e3 c6 4. c4 e6 5. Nc3 Nd7 6. Qb3 Qb6 7. c5 Qxb3 8. axb3
a6 9. b4 Rc8 10. Nf3 h6 11. h3 g5 12. Bh2 Bg7 13. Be2 Ne7 14. Bd6 Ng6 15. g4 Bc2
16. Rc1 Be4 17. Nxe4 dxe4 18. Nd2 f5 19. Bc4 Ngf8 20. Nb3 Rd8 21. Na5 b5 22. Bb3
Rc8 23. Ke2 Bf6 24. Ra1 h5 25. gxf5 exf5 26. d5 Bxb2 27. dxc6 Ne5 28. Rab1 Nd3
29. Rxb2 Nxb2 30. Be5 Rh6 31. Bxb2 Ne6 32. Rd1 h4 33. Nb7 Rxc6 34. Nd6+ Kf8 35.
Nxf5 Rh7 36. Bd5 1-0

[Event "chess.com SpeedChess Q1Sw"]
[Site "chess.com INT"]
[Date "2022.11.10"]
[Round "14"]
[White "Samadov, Read"]
[Black "Koziorowicz, Michal"]
[Result "1/2-1/2"]
[WhiteTitle "FM"]
[BlackTitle "FM"]
[WhiteElo "2450"]
[BlackElo "2296"]
[WhiteFideId "13417444"]
[BlackFideId "21809194"]
[EventDate "2022.11.10"]

1. d4 e6 2. c4 f5 3. Nc3 Nf6 4. e3 d5 5. Nf3 c6 6. b3 Bd6 7. Bb2 Nbd7 8. Bd3 O-O
9. O-O Ne4 10. Ne2 Qc7 11. g3 Ndf6 12. Nf4 Bd7 13. Ne5 g5 14. Nh5 Be8 15. Nxf6+
Rxf6 16. f3 Nc5 17. Bc2 Nd7 18. f4 g4 19. Qc1 h5 20. Ba3 h4 21. Bxd6 Qxd6 22. a4
Rh6 23. Kg2 Kg7 24. Qa3 Qxa3 25. Rxa3 Nxe5 26. fxe5 Bg6 27. Raa1 Rah8 28. Rh1 a5
29. Rac1 f4 30. gxf4 Bxc2 31. Rxc2 Kg6 32. cxd5 cxd5 33. Rc7 Kf5 34. Rhc1 Ke4
35. R1c3 Rb8 36. Rg7 g3 37. hxg3 hxg3 38. Rxg3 Rbh8 39. Kf2 Rh1 40. f5 exf5 41.
e6 Rb1 42. Rg2 Rh3 43. e7 Rb2+ 44. Kg1 Rb1+ 45. Kf2 Rb2+ 46. Kg1 Rb1+ 47. Kf2 1/2-1/2

[Event "chess.com SpeedChess Q1Sw"]
[Site "chess.com INT"]
[Date "2022.11.10"]
[Round "14"]
[White "Kopylov, Alexander A."]
[Black "Ter-Sahakyan, Samvel"]
[Result "0-1"]
[WhiteTitle "IM"]
[BlackTitle "GM"]
[WhiteElo "2397"]
[BlackElo "2605"]
[WhiteFideId "4164857"]
[BlackFideId "13302531"]
[EventDate "2022.11.10"]

1. d4 Nf6 2. Nf3 d5 3. g3 c5 4. Bg2 cxd4 5. O-O h6 6. a3 g6 7. Nxd4 Bg7 8. c4
dxc4 9. Qa4+ Nbd7 10. Rd1 O-O 11. Qxc4 e5 12. Nb5 Nb6 13. Qc2 Qe7 14. Nd6 Be6
15. Nc3 Rad8 16. Nxb7 Rxd1+ 17. Qxd1 Nc4 18. b3 e4 19. bxc4 Qxb7 20. Rb1 Qc6 21.
Be3 Qxc4 22. Qd4 Ng4 23. Qxc4 Bxc4 24. Nxe4 Nxe3 25. fxe3 Bxe2 26. Rb7 Rd8 27.
Rxa7 Bc4 28. a4 Rd1+ 29. Kf2 Ra1 30. Nd6 Ra2+ 31. Kg1 Ra1+ 32. Kf2 Ra2+ 33. Kg1
Be6 34. a5 h5 35. a6 Bh6 36. Ra8+ Kh7 37. Bb7 Bxe3+ 38. Kf1 Bh3+ 39. Ke1 Bg4 40.
Re8 Ra1# 0-1

[Event "chess.com SpeedChess Q1Sw"]
[Site "chess.com INT"]
[Date "2022.11.10"]
[Round "14"]
[White "Ahn, Hongjin"]
[Black "Szente Varga, Fruzsina"]
[Result "0-1"]
[WhiteTitle "IM"]
[BlackTitle "WFM"]
[WhiteElo "2282"]
[BlackElo "2075"]
[WhiteFideId "13201492"]
[BlackFideId "712264"]
[EventDate "2022.11.10"]

1. a3 Nf6 2. b3 g6 3. c3 Bg7 4. d3 O-O 5. e3 d5 6. g3 c5 7. h3 d4 8. cxd4 cxd4
9. e4 Nc6 10. b4 h5 11. h4 Bg4 12. f3 Be6 13. Nd2 Ne5 14. Bb2 a5 15. Nh3 axb4
16. axb4 Rxa1 17. Qxa1 Qb6 18. Bxd4 Nxf3+ 19. Nxf3 Qxb4+ 20. Qc3 Qb1+ 21. Ke2
Rc8 22. Bg2 Qa2+ 23. Qd2 Rc2 24. Ra1 Rxd2+ 25. Nxd2 Bg4+ 26. Ke1 Qc2 27. Ra8+
Bf8 28. Nf3 Qxd3 29. Nhg5 Bxf3 30. Nxf3 Qxe4+ 31. Kf1 b5 32. Rb8 Ng4 33. Bb6
Ne3+ 34. Bxe3 Qxe3 35. Ne1 Qxg3 36. Rxb5 Qf4+ 37. Kg1 e5 38. Rd5 e4 39. Ra5 e3
40. Ra2 Bc5 41. Re2 Qxh4 42. Nd3 Bd4 43. Ne1 f5 44. Nf3 Qf4 45. Ne1 Kg7 46. Nc2
Bb6 47. Ne1 h4 48. Bf1 Qg3+ 49. Kh1 h3 50. Nd3 h2 51. Rxh2 e2 52. Rxe2 Qg1# 0-1

[Event "chess.com SpeedChess Q1Sw"]
[Site "chess.com INT"]
[Date "2022.11.10"]
[Round "14"]
[White "Svane, Rasmus"]
[Black "Deac, Bogdan-Daniel"]
[Result "1/2-1/2"]
[WhiteTitle "GM"]
[BlackTitle "GM"]
[WhiteElo "2619"]
[BlackElo "2700"]
[WhiteFideId "4657101"]
[BlackFideId "1226380"]
[EventDate "2022.11.10"]

1. Nf3 d5 2. g3 Nd7 3. d4 Ngf6 4. Bg2 e6 5. c4 Be7 6. O-O O-O 7. Nfd2 c5 8. cxd5
exd5 9. Nf3 b6 10. Nc3 Bb7 11. Bf4 Ne4 12. Rc1 Nxc3 13. bxc3 Nf6 14. Nd2 Rc8 15.
Qa4 a6 16. dxc5 Bxc5 17. e3 Qe7 18. Bg5 h6 19. Bxf6 Qxf6 20. Nb3 b5 21. Qf4 Qxf4
22. gxf4 Ba3 23. Rc2 b4 24. c4 dxc4 25. Bxb7 cxb3 26. Rxc8 Rxc8 27. Bxc8 bxa2
28. Bxa6 Bb2 29. Bc4 a1=Q 30. Rxa1 Bxa1 31. Kg2 g5 32. Kf3 gxf4 33. Kxf4 Kg7 34.
Kf5 f6 35. f4 Bc3 36. e4 Bd2 37. Bb3 Bc3 38. Bd5 Bd2 39. h3 Bc3 40. Bc4 Bd2 41.
Kg4 Kf8 42. Bb3 Ke7 43. Kf5 Bc1 44. h4 Bd2 45. h5 Bc1 46. Bc4 Bd2 47. Bb3 Bc1
48. e5 fxe5 49. fxe5 Bd2 50. e6 1/2-1/2

[Event "chess.com SpeedChess Q1Sw"]
[Site "chess.com INT"]
[Date "2022.11.10"]
[Round "14"]
[White "Terry, Renato"]
[Black "Zhigalko, Sergei"]
[Result "0-1"]
[WhiteTitle "IM"]
[BlackTitle "GM"]
[WhiteElo "2516"]
[BlackElo "2572"]
[WhiteFideId "3803457"]
[BlackFideId "13502956"]
[EventDate "2022.11.10"]

1. e4 c5 2. Nf3 Nc6 3. Bb5 Nf6 4. Qe2 g6 5. c3 Bg7 6. O-O O-O 7. d4 d5 8. e5 Ne4
9. Be3 cxd4 10. cxd4 Bd7 11. Ne1 Qb6 12. Bxc6 Bxc6 13. f3 Bb5 14. Nd3 Bxd3 15.
Qxd3 Qxb2 16. fxe4 Qxa1 17. Qb3 Rac8 18. exd5 b5 19. h4 a5 20. Na3 Qc3 21. Nxb5
Qxb3 22. axb3 Rb8 23. Na7 Rxb3 24. Bf4 Ra8 25. Nc6 a4 26. Nxe7+ Kh8 27. d6 a3
28. d7 Rd8 29. Rc1 a2 30. Rc8 a1=Q+ 31. Kh2 Rb8 32. Rxb8 Rxb8 33. Nc6 Rf8 34. d5
Qd1 35. e6 Qxd5 36. e7 Qxd7 37. exf8=Q+ Bxf8 0-1

[Event "chess.com SpeedChess Q1Sw"]
[Site "chess.com INT"]
[Date "2022.11.10"]
[Round "14"]
[White "Firat, Burak"]
[Black "Czerw, Dawid"]
[Result "1-0"]
[WhiteTitle "GM"]
[BlackTitle "FM"]
[WhiteElo "2460"]
[BlackElo "2373"]
[WhiteFideId "6305881"]
[BlackFideId "1145746"]
[EventDate "2022.11.10"]

1. Nf3 Nf6 2. c4 c5 3. g3 Nc6 4. Bg2 e6 5. Nc3 Qb6 6. O-O Be7 7. a3 d5 8. d3 O-O
9. Rb1 Rd8 10. cxd5 exd5 11. Bf4 h6 12. Qc2 Be6 13. Na4 Qa5 14. Rfc1 b6 15. Bd2
Qa6 16. b4 Nd4 17. Nxd4 cxd4 18. b5 Qb7 19. Qb2 Rac8 20. Rxc8 Rxc8 21. Qxd4 Bxa3
22. Bxh6 gxh6 23. Qxf6 Bf8 24. Nb2 Qd7 25. Nd1 Bg7 26. Qf4 Rc5 27. d4 Rxb5 28.
Rc1 Rb4 29. e3 Rc4 30. Rxc4 dxc4 31. Nc3 Qd8 32. d5 Bxc3 33. dxe6 fxe6 34. Qxc4
Qf6 35. Qc8+ Kg7 36. Qc7+ Kg8 37. Qxa7 Be1 38. f4 Qb2 39. Qb8+ Kg7 40. Qc7+ Kg8
41. Qc8+ Kf7 42. Qd7+ Kf6 43. e4 Qf2+ 44. Kh1 Bc3 45. e5+ 1-0

[Event "chess.com SpeedChess Q1Sw"]
[Site "chess.com INT"]
[Date "2022.11.10"]
[Round "14"]
[White "Bok, Benjamin"]
[Black "Durarbayli, Vasif"]
[Result "1-0"]
[WhiteTitle "GM"]
[BlackTitle "GM"]
[WhiteElo "2618"]
[BlackElo "2612"]
[WhiteFideId "1017063"]
[BlackFideId "13402935"]
[EventDate "2022.11.10"]

1. c4 e6 2. g3 d5 3. Bg2 Nf6 4. Nf3 d4 5. O-O Nc6 6. d3 e5 7. e3 Bg4 8. h3 Bxf3
9. Bxf3 Bc5 10. e4 h6 11. Bg2 g5 12. f4 gxf4 13. gxf4 Qe7 14. f5 Kd7 15. Kh2
Rag8 16. a3 a5 17. Rg1 h5 18. Bf3 Ng4+ 19. Bxg4 hxg4 20. Rxg4 Rxg4 21. Qxg4 Qf8
22. f6+ Kd6 23. Bg5 Nd8 24. Nd2 Ne6 25. Nf3 c6 26. Rg1 Kc7 27. Bd2 a4 28. Qf5
Bd6 29. h4 Nc5 30. Rg7 Kb8 31. Kg3 Nxd3 32. Ng5 Nxb2 33. Nxf7 Rg8 34. Nxd6 Rxg7+
35. fxg7 Qxg7+ 36. Bg5 d3 37. Kf2 Qc7 38. Qf8+ Ka7 39. Be3+ b6 40. c5 Qh7 41.
Qf7+ Ka6 42. Qxh7 1-0

[Event "chess.com SpeedChess Q1Sw"]
[Site "chess.com INT"]
[Date "2022.11.10"]
[Round "14"]
[White "Le, Tuan Minh"]
[Black "Salem, A.R. Saleh"]
[Result "1-0"]
[WhiteTitle "IM"]
[BlackTitle "GM"]
[WhiteElo "2542"]
[BlackElo "2677"]
[WhiteFideId "12401153"]
[BlackFideId "9301348"]
[EventDate "2022.11.10"]

1. d4 Nf6 2. Nf3 g6 3. Bg5 Bg7 4. Nbd2 d5 5. c3 O-O 6. e3 c5 7. Bd3 Qb6 8. Rb1
Nc6 9. O-O Re8 10. dxc5 Qxc5 11. e4 Bg4 12. Be3 Qd6 13. Qa4 Rad8 14. h3 Bd7 15.
Qc2 Qc7 16. Rfe1 h6 17. e5 Nh7 18. Bf4 Ng5 19. Bg3 Ne6 20. Rbd1 Qb6 21. Nb3 Rc8
22. Qd2 Red8 23. h4 Nf8 24. Nbd4 Bg4 25. Be2 Bxf3 26. Bxf3 e6 27. h5 g5 28. Be2
Nxe5 29. f4 gxf4 30. Bxf4 Nc4 31. Bxc4 dxc4 32. Bxh6 Rd5 33. Bxg7 Kxg7 34. Re3
Rxh5 35. Qf2 Ng6 36. Rf1 Qc7 37. Qf6+ Kg8 38. Nxe6 Qh2+ 39. Kf2 Rh7 40. Rh3 Qd6
41. Rxh7 1-0

[Event "chess.com SpeedChess Q1Sw"]
[Site "chess.com INT"]
[Date "2022.11.10"]
[Round "14"]
[White "Narayanan, S.L."]
[Black "Bluebaum, Matthias"]
[Result "1/2-1/2"]
[WhiteTitle "GM"]
[BlackTitle "GM"]
[WhiteElo "2673"]
[BlackElo "2651"]
[WhiteFideId "5058422"]
[BlackFideId "24651516"]
[EventDate "2022.11.10"]

1. c4 e6 2. g3 d5 3. Bg2 Nf6 4. Nf3 Be7 5. O-O O-O 6. d4 c6 7. b3 b6 8. Bb2 a5
9. Nc3 Ba6 10. Nd2 b5 11. c5 b4 12. Na4 Nbd7 13. Re1 Bb5 14. a3 Qc7 15. Qc2 e5
16. e4 bxa3 17. Bxa3 exd4 18. exd5 d3 19. Qc1 Nxd5 20. Bxd5 Bf6 21. Bc4 Bxa1 22.
Qxa1 Rfe8 23. Bb2 Rxe1+ 24. Qxe1 Nf6 25. Qe3 Rd8 26. Nb6 Bxc4 27. Nbxc4 Qd7 28.
Bxf6 gxf6 29. Nd6 Qe6 30. Qxd3 Qe5 31. Qc4 Qe1+ 32. Nf1 Qe6 33. Ne3 Rb8 34. Qa6
Qxb3 35. Qxa5 Qb1+ 36. Kg2 Qd3 37. Qc7 Rf8 38. Qxc6 h5 39. Qd5 Qxd5+ 40. Nxd5
Kg7 41. c6 Rd8 42. c7 Rxd6 43. c8=Q Rxd5 44. Qc4 Re5 45. h4 Ra5 46. f3 Re5 47.
g4 hxg4 48. Qxg4+ Kh7 49. Kg3 Ra5 50. Qf4 Kg7 51. Kg4 Re5 52. Qxe5 fxe5 53. Kf5
Kh6 54. Kg4 Kg6 55. h5+ Kh6 56. Kf5 Kxh5 57. Kxe5 Kg5 58. Ke4 f5+ 59. Ke5 f4 60.
Ke6 Kg6 61. Kd6 Kf6 62. Kd5 Kf5 63. Kd4 Kf6 64. Ke4 Ke6 65. Kxf4 Kf6 66. Ke3 Ke5
67. Kf2 Kf4 68. Kg2 Kf5 69. Kg3 Kg5 70. f4+ Kf5 71. Kf3 Kf6 72. Ke4 Ke6 73. f5+
Kf6 74. Kf4 Kf7 75. Ke5 Ke7 76. f6+ Kf7 77. Kf5 Kf8 78. Ke6 Ke8 79. f7+ Kf8 80.
Kf6 1/2-1/2

[Event "chess.com SpeedChess Q1Sw"]
[Site "chess.com INT"]
[Date "2022.11.10"]
[Round "14"]
[White "Li, Ruifeng"]
[Black "Matinian, Nikita"]
[Result "0-1"]
[WhiteTitle "GM"]
[BlackTitle "GM"]
[WhiteElo "2541"]
[BlackElo "2425"]
[WhiteFideId "2061074"]
[BlackFideId "24129100"]
[EventDate "2022.11.10"]

1. b3 Nf6 2. Bb2 g6 3. g4 Bg7 4. g5 Nh5 5. Bxg7 Nxg7 6. d4 c5 7. Nf3 cxd4 8.
Qxd4 O-O 9. Nc3 Nc6 10. Qd2 d6 11. O-O-O Bg4 12. Nd4 Rc8 13. f3 Bd7 14. e4 Nxd4
15. Qxd4 Ne6 16. Qd2 Nxg5 17. Be2 Qa5 18. Kb2 Qe5 19. Qe3 Ne6 20. Rd5 Qg7 21. f4
Bc6 22. Ra5 Bxe4 23. Rc1 Nxf4 24. Bc4 b6 25. Qxe4 bxa5 26. Qxf4 d5 27. Bxd5
Qxc3+ 28. Kb1 e6 29. Be4 Rfd8 30. h4 Qc7 31. Qg5 Qc5 32. Qf4 f5 33. Bf3 e5 34.
Qg5 e4 35. h5 exf3 36. hxg6 Qe5 37. Rh1 Qg7 38. Qxf5 Qxg6 39. Qxf3 Qxc2+ 40. Ka1
Qc3+ 41. Qxc3 Rxc3 42. Kb2 Rg3 43. Ka3 Rd5 44. Rh6 Kg7 45. Ra6 h5 46. Rxa7+ Kg6
47. Ra8 h4 48. Rg8+ Kf5 49. Rh8 Kg4 50. Ka4 Rg5 51. a3 h3 52. b4 axb4 53. Kxb4
Rh5 54. Rc8 h2 55. Rc4+ Kh3 56. Rc1 Rh4+ 57. Ka5 Rg5+ 0-1

[Event "chess.com SpeedChess Q1Sw"]
[Site "chess.com INT"]
[Date "2022.11.10"]
[Round "14"]
[White "Tarnowska, Aleksandra"]
[Black "Arencibia Monduy, Antonio"]
[Result "1-0"]
[WhiteTitle "WCM"]
[BlackTitle "CM"]
[WhiteElo "1835"]
[BlackElo "2100"]
[WhiteFideId "1180967"]
[BlackFideId "3507939"]
[EventDate "2022.11.10"]

1. e4 e6 2. d4 d6 3. Nc3 g6 4. Be3 Bg7 5. Qd2 h5 6. O-O-O Ne7 7. f3 a6 8. Nge2
b5 9. g4 Bb7 10. gxh5 Rxh5 11. Ng3 Rh8 12. f4 Nd7 13. h4 Nb6 14. h5 Nc4 15. Bxc4
bxc4 16. hxg6 Nxg6 17. Rxh8+ Bxh8 18. f5 Ne7 19. Rh1 Kd7 20. fxe6+ fxe6 21. Nh5
Qg8 22. Qe2 Rf8 23. Nf4 Ng6 24. Nxg6 Qxg6 25. Qxc4 Bxe4 26. Rg1 Qf5 27. Qa4+ Bc6
28. Qxa6 Qh3 29. Bd2 Bxd4 30. Re1 Bf2 31. Rf1 Rf5 32. Qe2 Bb6 33. Rxf5 Qxf5 34.
b3 Bf3 35. Qe1 Bc5 36. Kb2 Bd4 37. Kb1 Bg4 38. Na4 Bh5 39. Bc3 Bg6 40. Qd2 Bc5
41. Kb2 Ba7 42. Bb4 c5 43. Bc3 d5 44. Qe2 d4 45. Qb5+ Kd8 46. Ba5+ Kc8 47. Qc6+
Kb8 48. Qc7+ Ka8 49. Qc8+ Bb8 50. Nb6+ Ka7 51. Qd7+ Ka6 52. Nc4 Qxc2+ 53. Ka3
Qc1+ 54. Ka4 Qh1 55. Qxe6+ 1-0

[Event "chess.com SpeedChess Q1Sw"]
[Site "chess.com INT"]
[Date "2022.11.10"]
[Round "14"]
[White "Odegov, Artem"]
[Black "Garv, Gaur"]
[Result "1-0"]
[WhiteTitle "FM"]
[BlackTitle "CM"]
[WhiteElo "2286"]
[BlackElo "1973"]
[WhiteFideId "34183644"]
[BlackFideId "45030839"]
[EventDate "2022.11.10"]

1. d4 Nf6 2. c4 e6 3. Nf3 d5 4. Nc3 Be7 5. Bg5 O-O 6. e3 b6 7. Qc2 Bb7 8. O-O-O
Nbd7 9. h4 Ne4 10. Nxe4 dxe4 11. Nd2 f5 12. Bf4 Bd6 13. g3 Bxf4 14. gxf4 Kh8 15.
Be2 Qe7 16. Nb3 Rfd8 17. c5 Bd5 18. Bc4 bxc5 19. Bxd5 exd5 20. dxc5 c6 21. h5 a5
22. Kb1 a4 23. Nd4 Qxc5 24. Qxc5 Nxc5 25. Nxc6 Rd6 26. Ne5 Rf8 27. Rc1 Nd7 28.
Rhd1 Nf6 29. h6 gxh6 30. Rc7 Ne8 31. Re7 Rdf6 32. Rxd5 h5 33. Rdd7 Kg8 34. Rxh7
Rd6 35. Rxd6 Nxd6 36. Rh6 Rd8 37. Rxh5 a3 38. Rg5+ Kh7 39. Rh5+ Kg7 40. Rg5+ Kh7
41. bxa3 Nb5 42. Rxf5 Rd2 43. Rf7+ Kg8 44. Rd7 Rxf2 45. Rd8+ Kg7 46. Rc8 Re2 47.
a4 Na3+ 48. Kc1 Rxe3 49. a5 Nb5 50. a6 Ra3 51. Rb8 Nd4 52. Rb7+ Kg8 53. a7 e3
54. Rb8+ Kg7 55. a8=Q Rxa8 56. Rxa8 e2 57. Nd3 Nf3 58. Re8 e1=Q+ 59. Rxe1 1-0

[Event "chess.com SpeedChess Q1Sw"]
[Site "chess.com INT"]
[Date "2022.11.10"]
[Round "14"]
[White "Pranav, V"]
[Black "Duda, Jan-Krzysztof"]
[Result "0-1"]
[WhiteTitle "IM"]
[BlackTitle "GM"]
[WhiteElo "2548"]
[BlackElo "2731"]
[WhiteFideId "25060783"]
[BlackFideId "1170546"]
[EventDate "2022.11.10"]

1. e4 e5 2. Nf3 Nc6 3. Bb5 Nf6 4. d3 Bc5 5. O-O Nd4 6. Nxd4 Bxd4 7. c3 Bb6 8.
Na3 c6 9. Ba4 O-O 10. Bg5 h6 11. Bh4 d5 12. Re1 dxe4 13. dxe4 Qe7 14. Nc4 Bc7
15. Bc2 Rd8 16. Qf3 g5 17. Bg3 Bg4 18. Qe3 b5 19. h3 Bh5 20. h4 bxc4 21. hxg5
Ng4 22. Qe2 Qxg5 23. Qxc4 Rd2 24. Qxc6 Rxc2 25. Qxa8+ Kg7 26. Qxa7 Nxf2 27. Re3
Nxe4 28. Kh2 Bb8 29. Qb6 Bg6 30. Rf1 Nd2 31. Rfe1 Nc4 32. Qxb8 Nxe3 33. Qxe5+ f6
34. Qxe3 Qd5 35. Bf2 Rxb2 36. a4 Ra2 37. Qg3 Qg5 38. Re7+ Bf7 39. Ra7 Kg6 40.
Be3 Qxg3+ 41. Kxg3 Bd5 42. Bf2 h5 43. Bd4 Rxg2+ 44. Kf4 h4 45. Ra6 h3 46. Rxf6+
Kh7 47. Rf5 h2 48. Rh5+ Kg6 49. Rh8 Ra2 50. Rxh2 Rxh2 51. Ke5 Bf3 52. Kd6 Ra2
53. Kc5 Rxa4 0-1

[Event "chess.com SpeedChess Q1Sw"]
[Site "chess.com INT"]
[Date "2022.11.10"]
[Round "14"]
[White "Xiong, Jeffery"]
[Black "Kamsky, Gata"]
[Result "1/2-1/2"]
[WhiteTitle "GM"]
[BlackTitle "GM"]
[WhiteElo "2692"]
[BlackElo "2666"]
[WhiteFideId "2047640"]
[BlackFideId "2000024"]
[EventDate "2022.11.10"]

1. e4 c6 2. Nf3 d5 3. d3 dxe4 4. dxe4 Qxd1+ 5. Kxd1 Nd7 6. a4 a5 7. Nfd2 e5 8.
f3 f6 9. c3 Nb6 10. Nc4 Nxc4 11. Bxc4 Bc5 12. Kc2 Ke7 13. Rd1 Be6 14. Bxe6 Kxe6
15. Nd2 Ne7 16. Nc4 Nc8 17. Nxa5 Rxa5 18. b4 Bxb4 19. cxb4 Ra6 20. Be3 Nd6 21.
Kb3 h5 22. Bc5 Nf7 23. a5 Rd8 24. Rxd8 Nxd8 25. Rd1 Nf7 26. Ka4 g6 27. b5 cxb5+
28. Kxb5 Rc6 29. h4 f5 30. Rd5 g5 31. g3 g4 32. fxg4 fxe4 33. Rd1 hxg4 34. h5
Nh6 35. Rd8 Nf5 36. Rb8 Rc7 37. Kb6 Rc6+ 38. Kb5 e3 39. Bxe3 Nxe3 40. Rxb7 Rc1
41. h6 Rb1+ 42. Kc6 Rc1+ 43. Kb5 Rb1+ 44. Ka6 Rh1 45. h7 Nd5 46. Kb5 Nf6 47. a6
Nxh7 48. a7 Rb1+ 49. Kc4 Rxb7 50. a8=Q Rc7+ 51. Kd3 Nf6 52. Qa2+ Kf5 53. Qf2+
Kg6 54. Qb6 Rd7+ 55. Ke2 Kf5 56. Qb1+ Ke6 57. Qb5 Kf5 58. Qc6 Rd4 59. Ke3 Re4+
60. Kf2 Rd4 61. Qc8+ Rd7 62. Ke3 Ke6 63. Qc2 Rd4 64. Qg6 Rd7 65. Ke2 Rd4 66. Qb1
Rd7 67. Qb3+ Kf5 68. Qc4 Rd4 69. Qc6 Rd7 70. Qh1 Rd4 71. Qf1+ Ke6 72. Qb1 Rd7 1/2-1/2

[Event "chess.com SpeedChess Q1Sw"]
[Site "chess.com INT"]
[Date "2022.11.10"]
[Round "14"]
[White "Baskakov, Egor"]
[Black "Lewtak, Damian"]
[Result "0-1"]
[WhiteTitle "CM"]
[BlackTitle "IM"]
[WhiteElo "2215"]
[BlackElo "2385"]
[WhiteFideId "24197866"]
[BlackFideId "1141724"]
[EventDate "2022.11.10"]

1. e4 g6 2. g3 Bg7 3. Bg2 c5 4. Ne2 Nc6 5. O-O e6 6. c4 Nge7 7. Nbc3 O-O 8. d3
b6 9. Be3 Bb7 10. d4 cxd4 11. Nxd4 Nxd4 12. Bxd4 Bxd4 13. Qxd4 Rc8 14. Rad1 Bc6
15. b3 Qc7 16. Rd2 Rfd8 17. Rfd1 d6 18. Qf6 a6 19. a4 Rd7 20. h4 Rcd8 21. h5
gxh5 22. Bf3 Ng6 23. Bxh5 b5 24. axb5 axb5 25. Nxb5 Bxb5 26. cxb5 Qb7 27. Rd4
Qxb5 28. Bxg6 hxg6 29. e5 Qe2 30. exd6 Qh5 31. g4 Qh8 32. g5 Qxf6 33. gxf6 g5
34. R1d3 Kh7 35. f4 Kg6 36. Rg3 Kxf6 37. fxg5+ Kg6 38. Rgd3 Kxg5 39. Kf2 f5 40.
b4 Kf6 41. b5 Ke5 42. Rh4 Rxd6 43. Re3+ Kd5 44. Rh6 Re8 45. Kf3 Kc5 46. Rh1 e5
47. Rh5 Rf6 48. Rb3 Rb8 49. Re3 Kd4 50. Rh1 Rxb5 51. Rd1+ Kc4 52. Rd8 Rh6 53.
Re2 Rb3+ 54. Kg2 Rb5 55. Rc2+ Kb3 56. Re2 e4 57. Kg3 Rg6+ 58. Kf4 Rg4+ 59. Ke3
Rg3+ 60. Kf4 Rf3+ 61. Kg5 Kc3 62. Re1 e3 63. Rc1+ Kb2 64. Re1 Re5 65. Kf6 Re4
66. Re2+ Kc3 67. Re1 e2 68. Kg5 Rf1 0-1

[Event "chess.com SpeedChess Q1Sw"]
[Site "chess.com INT"]
[Date "2022.11.10"]
[Round "14"]
[White "Klukin, Kirill"]
[Black "Ibarra Jerez, Jose Carlos"]
[Result "0-1"]
[WhiteTitle "IM"]
[BlackTitle "GM"]
[WhiteElo "2390"]
[BlackElo "2557"]
[WhiteFideId "24199273"]
[BlackFideId "2226332"]
[EventDate "2022.11.10"]

1. d4 Nf6 2. Nf3 g6 3. c4 d6 4. Nc3 Bf5 5. Nh4 Bd7 6. e4 e5 7. Nf3 exd4 8. Nxd4
Bg7 9. Be2 O-O 10. O-O Re8 11. f3 Nc6 12. Be3 Nh5 13. Nxc6 bxc6 14. Qd2 Qh4 15.
Bf2 Qf4 16. Be3 Qh4 17. Bf2 Qf6 18. Be3 Qe7 19. Rad1 a5 20. Bd4 Bxd4+ 21. Qxd4
Nf4 22. g3 Ne6 23. Qd2 Nc5 24. b3 Rab8 25. Rb1 Qf6 26. Rfd1 Rb4 27. Qd4 Qxd4+
28. Rxd4 a4 29. bxa4 Rxb1+ 30. Nxb1 Nxa4 31. Bd1 Nc5 32. Nd2 Ra8 33. Nb3 Ne6 34.
Rd2 c5 35. Nc1 Nd4 36. Kf2 Ba4 37. Bb3 f5 38. exf5 Nxf5 39. Ne2 Bc6 40. Nf4 Nd4
41. Bd1 Ra3 42. Nd5 Bxd5 43. cxd5 Kf7 44. g4 g5 45. Kg3 Kf6 46. Rb2 Rd3 47. Ba4
Rxf3+ 48. Kg2 Rf4 49. Bd7 Ke5 50. a4 c4 51. a5 c3 52. Ra2 c2 53. Ra1 Nb3 54.
Re1+ Re4 55. Rxe4+ Kxe4 56. Bf5+ Kxd5 57. Bxc2 Nxa5 58. Bxh7 Kd4 59. Kg3 Nc6 60.
h4 gxh4+ 61. Kxh4 Ne7 62. g5 c5 63. g6 c4 64. g7 Ke5 65. g8=Q Nxg8 66. Bxg8 c3
67. Bh7 Kf4 68. Kh3 d5 69. Kg2 Ke3 70. Kf1 Kd2 71. Kf2 d4 72. Kf3 d3 0-1

[Event "chess.com SpeedChess Q1Sw"]
[Site "chess.com INT"]
[Date "2022.11.10"]
[Round "14"]
[White "Rustemov, Alexander"]
[Black "Nguyen Hong Nhung"]
[Result "1-0"]
[WhiteTitle "GM"]
[BlackTitle "WFM"]
[WhiteElo "2525"]
[BlackElo "2003"]
[WhiteFideId "4119002"]
[BlackFideId "12412201"]
[EventDate "2022.11.10"]

1. d4 f5 2. g3 Nf6 3. Bg2 g6 4. Nf3 Bg7 5. O-O O-O 6. c4 d6 7. Nc3 Qe8 8. d5 Na6
9. Rb1 Nc5 10. Be3 Nce4 11. Nb5 Qd8 12. Qc2 e5 13. dxe6 Bxe6 14. h3 a6 15. Nc3
Nxc3 16. Qxc3 Ne4 17. Qc2 Bd7 18. Bd4 Qe7 19. Bxg7 Kxg7 20. e3 Rae8 21. Nd4 b6
22. Kh2 a5 23. b3 Qe5 24. Ne2 Bc6 25. Qb2 Ba8 26. a3 Kg8 27. b4 axb4 28. axb4
Qxb2 29. Rxb2 d5 30. cxd5 Bxd5 31. Nd4 c5 32. bxc5 bxc5 33. Nb5 Rc8 34. Rc1 Rf6
35. Nc3 Nxc3 36. Rxc3 Bxg2 37. Kxg2 c4 38. Rb7 Rf7 39. Rb4 Rfc7 40. g4 Kf7 41.
Kg3 Ke6 42. Rb5 Rc5 43. Rb7 R8c7 44. Rb1 Kd5 45. Rd1+ Ke6 46. Rd4 Ke5 47. h4 h5
48. g5 Ke6 49. Kf4 R5c6 50. f3 Rc8 51. e4 fxe4 52. Kxe4 Rc5 53. f4 R8c6 54. Rd8
Ke7 55. Rg8 Kf7 56. Rd8 Rf5 57. Rd5 Re6+ 58. Re5 Rfxe5+ 59. fxe5 Rc6 60. Kd5 Ra6
61. Rxc4 Ra1 62. Rc7+ Ke8 63. e6 Rd1+ 64. Ke5 Rh1 65. Kf6 Kd8 66. Rg7 Rxh4 67.
Rg8+ Kc7 68. e7 Re4 69. e8=Q Rxe8 70. Rxe8 1-0

[Event "chess.com SpeedChess Q1Sw"]
[Site "chess.com INT"]
[Date "2022.11.10"]
[Round "14"]
[White "Vantika, Agrawal"]
[Black "Deev, Andrei"]
[Result "0-1"]
[WhiteTitle "WGM"]
[BlackTitle "IM"]
[WhiteElo "2362"]
[BlackElo "2390"]
[WhiteFideId "25050389"]
[BlackFideId "4102690"]
[EventDate "2022.11.10"]

1. d4 d6 2. Nf3 Bg4 3. e4 Nf6 4. h3 Bh5 5. Nc3 e6 6. Qe2 c6 7. g4 Bg6 8. h4 d5
9. exd5 cxd5 10. Ne5 Nc6 11. Nxc6 bxc6 12. h5 Be4 13. f3 Qb6 14. fxe4 Qxd4 15.
exd5 cxd5 16. Be3 Qxg4 17. Qb5+ Nd7 18. Be2 Qb4 19. O-O-O Rb8 20. Qxb4 Bxb4 21.
Nb5 O-O 22. c3 Bc5 23. Bxc5 Nxc5 24. h6 g6 25. Nd4 Ne4 26. Rhf1 Rfc8 27. Kc2 a5
28. Bg4 f5 29. Be2 Kf7 30. Nf3 Kf6 31. Bd3 Ng3 32. Rfe1 Ne4 33. Bxe4 dxe4 34.
Nd4 g5 35. Rd2 g4 36. Rf2 Ke5 37. Ne2 Rg8 38. Ng3 Rg6 39. Rfe2 Rxh6 40. Nxe4
fxe4 41. Rxe4+ Kd6 42. Rxg4 Rh2+ 43. Kc1 Rbxb2 44. Rd4+ Ke7 45. Rde4 Rhc2+ 46.
Kd1 Rd2+ 47. Kc1 Rdc2+ 48. Kd1 Rxc3 49. Rxe6+ Kf7 50. Re7+ Kf6 51. R7e6+ Kf5 52.
R6e5+ Kf4 53. Rxa5 Rcc2 54. Ra4+ Kf5 55. Ra5+ Kf4 56. Ra4+ Kf3 57. Rae4 Rxa2 58.
R4e3+ Kf4 59. Re4+ Kf3 60. R4e3+ Kf2 61. Re8 Rcb2 62. Rf8+ Kg2 63. Rg8+ Kh2 64.
Rc8 Rb1+ 65. Rc1 Rxc1+ 66. Kxc1 Ra1+ 67. Kd2 Rxe1 68. Kxe1 Kg2 69. Ke2 h5 70.
Ke3 h4 71. Kf4 h3 72. Kg4 h2 73. Kf4 h1=Q 0-1